Historia Universal Siglo XXI
Salvato in:
| Natura: | Libro |
|---|---|
| Lingua: | spagnolo |
| Pubblicazione: |
Ciudad de México
Siglo XXI
2007
|
| Edizione: | 31a. ed |
| Soggetti: | |
| Tags: |
Aggiungi Tag
Nessun Tag, puoi essere il primo ad aggiungerne!!
|
MARC
| LEADER | 00000cam a2200000 a 4500 | ||
|---|---|---|---|
| 001 | UCH0483 | ||
| 003 | CL-VaPUC | ||
| 008 | 090312e20070000MX |||||||||||||||||spa|d | ||
| 020 | |a 9789682304521v.22 t.2 | ||
| 020 | |a 9789682302275v.21 t.1 | ||
| 082 | 0 | 4 | |a 909 |b HIS |2 21 |
| 245 | 1 | 0 | |a Historia Universal Siglo XXI |
| 250 | |a 31a. ed | ||
| 300 | |a v | ||
| 942 | |c BK | ||
| 945 | |d 20090312 00:00:00 |a rbrito | ||
| 260 | |a Ciudad de México |b Siglo XXI |c 2007 | ||
| 500 | |a v.22 t.2: América latina. La época colonial | ||
| 500 | |a v.21 t.1: América latina. Antiguas culturas precolombinas | ||
| 650 | 0 | |a América colonial |9 446254 | |
| 650 | 0 | |a Historia de América |9 266076 | |
| 650 | 0 | |a Colonización |9 265172 | |
| 651 | 0 | |a América |9 255182 | |
| 583 | |a last modification |c 20140319 05:53:58 |k Rodrigo Vera | ||
| 999 | |c 332780 |d 332778 | ||
| 952 | |0 0 |1 0 |4 0 |6 909_000000000000000_HIS_2007 |7 0 |8 A |9 420707 |a BIBHIS |b BIBHIS |d 2019-11-22 |h v.22 t.2 |i 4514521 |o 909 HIS 2007 |p 4514521 |r 2025-01-20 |w 2019-11-22 |y BK |k HIS | ||
| 952 | |0 0 |1 0 |4 0 |6 909_000000000000000_HIS_2007 |7 0 |8 A |9 420708 |a BIBHIS |b BIBHIS |d 2019-11-22 |h v.22 t.2 |i 4762096 |l 1 |o 909 HIS 2007 |p 4762096 |r 2025-01-20 |s 2022-06-01 |w 2019-11-22 |y BK |k HIS | ||
| 952 | |0 0 |1 0 |4 0 |6 909_000000000000000_HIS_2007 |7 0 |8 A |9 420709 |a BIBHIS |b BIBHIS |d 2019-11-22 |h v.22 t.2 |i 476210K |o 909 HIS 2007 |p 476210K |r 2025-01-20 |w 2019-11-22 |y BK |k HIS | ||
| 952 | |0 0 |1 0 |4 0 |6 909_000000000000000_HIS_2007 |7 0 |8 A |9 420710 |a BIBHIS |b BIBHIS |d 2019-11-22 |h v.21 |i 4994809 |o 909 HIS 2007 |p 4994809 |r 2025-01-20 |w 2019-11-22 |y BK |k HIS | ||
| 952 | |0 0 |1 0 |3 erb |4 0 |6 909_000000000000000_HIS_2007 |7 0 |8 A |9 420711 |a BIBHIS |b BIBHIS |h v.22 t.2 |i 5038308 |o 909 HIS 2007 |p 5038308 |r 2025-01-20 |w 2019-11-22 |y BK |z Catalogado en:20131227 |k HIS | ||
| 952 | |0 0 |1 0 |3 erb |4 0 |6 909_000000000000000_HIS_2007 |7 0 |8 A |9 420712 |a BIBHIS |b BIBHIS |h v.22 t.2 |i 5038316 |o 909 HIS 2007 |p 5038316 |r 2025-01-20 |w 2019-11-22 |y BK |z Catalogado en:20131227 |k HIS | ||